000 00852nam a2200241 i 4500
003 DO-SdBNP
005 20260204120624.0
007 ta
008 260204b1973 dr ||||| |||| 00| 0 spa d
040 _aDO-SdBNP
_bspa
_cBNPHU
_erda
041 _aspa
082 4 _axxx
_bxxx
_222
245 0 3 _aEl reto de la revolución peruana
264 1 _aCiudad Trujillo :
_bMinisterio de Energía y Minas,
_c1973.
300 _a12 páginas ;
_c19 cm.
336 _atexto
_btxt
_2rdacontent
337 _asin mediación
_bn
_2rdamedia
338 _avolumen
_bnc
_2rdacarrier
500 _aDiscurso pronunciado por el Ministro de Energía y Minas. General de División E.P. Jorge Fernández Maldonado Solari en el II Congreso Nacional de Ingenieria Mecanica, Electrica y Ramas Afines.
590 _aInventariado, 2026/BT
910 _aBtav►0rez
942 _2ddc
_cLF2
999 _c60216
_d60216